| Tag |
First Indicator |
Second Indicator |
Subfields |
| LEADER |
00000cam a2200000Ia 4500 |
| 001 |
in00001758813 |
| 005 |
20151025050951.0 |
| 008 |
021126s2002 nyuab 000 0 eng d |
| 020 |
|
|
|a 0767915062
|c $12.00
|
| 035 |
|
|
|a (OCoLC)ocm51074454
|
| 040 |
|
|
|a HQB
|c HQB
|d TXA
|d UtOrBLW
|
| 043 |
|
|
|a f------
|
| 049 |
|
|
|a TXAM
|
| 082 |
0 |
|
|a 916.762/0442
|2 21
|
| 090 |
|
|
|a DT433.52
|b B79 2002
|
| 100 |
1 |
|
|a Bryson, Bill.
|
| 245 |
1 |
0 |
|a Bill Bryson's African diary.
|
| 246 |
1 |
0 |
|a African diary
|
| 250 |
|
|
|a 1st Broadway Books hardcover ed.
|
| 264 |
|
1 |
|a New York :
|b Broadway Books,
|c [2002]
|
| 264 |
|
4 |
|c ©2002
|
| 300 |
|
|
|a 49 pages, 8 unnumbered pages of color plates :
|b color illustrations, map ;
|c 19 cm.
|
| 336 |
|
|
|a text
|b txt
|2 rdacontent
|
| 337 |
|
|
|a unmediated
|b n
|2 rdamedia
|
| 338 |
|
|
|a volume
|b nc
|2 rdacarrier
|
| 500 |
|
|
|a Photographs by Jenny Matthews.
|
| 500 |
|
|
|a Originally published by Doubleday UK, 2002
|
| 600 |
1 |
0 |
|a Bryson, Bill
|x Travel
|z Kenya.
|
| 651 |
|
0 |
|a Kenya
|x Description and travel.
|
| 710 |
2 |
|
|a CARE International in Kenya.
|
| 948 |
|
|
|a cataloged
|b h
|c 2003/4/22
|d c
|e jgreene
|f 12:48:11 pm
|
| 994 |
|
|
|a E0
|b TXA
|
| 999 |
|
|
|a MARS
|
| 999 |
f |
f |
|s 0cc87e59-0122-3768-ac94-07b879cd892d
|i 66dc6f87-a446-36ae-9562-48f9b0053f5a
|t 0
|
| 952 |
f |
f |
|p ric
|a Texas A&M University
|b Rellis Campus
|c Joint Library Facility
|d Remote Storage
|t 0
|e DT433.52 .B79 2002
|h Library of Congress classification
|i unmediated -- volume
|m A14830075317
|
| 998 |
f |
f |
|a DT433.52 .B79 2002
|t 0
|l Remote Storage
|